00884 a2200241 4500010001400000020002300014035001300037037001800050082001100068090001500079100001900094245009000113260004700203270009200250300003000342500004000372650001000412651002300422700002100445942002600466999001500492952013500507 aENG-85329 a8186803424c200.00 aEN-68862 bD.B.Act / Pub14a320.01 c2079d20791 aDas, Hari Hara1 aPolitical theorycby Hari Hara Das and B. C. Choudhurybtraditional and modern theory aNew DelhibNational Publishing Housec2005 a23, DaryaganjbNew Delhie110 002k011-23274161, 011-23275267mklmalik@mantraonline.com axiv, 497 p.c21 cm (Pbk.) aIncludes bibliographical reference xIndia xPolitiocal Science1 aChoudhury, B. C. adplcENk320.01 / DAS c2044d2044 00102ddc40718NFICaDBADbDBADeDBAD/PUBg200.00l0o320.01 DASpEN-68862r2008-09-15 00:00:00t1u2159v200.00w2008-09-15yEN